| 000 | 00574nam a2200133 4500 | ||
|---|---|---|---|
| 001 | 233 | ||
| 090 | _a233 | ||
| 100 | _a20190723b u||y0fre||u0ba y50 | ||
| 101 | _aspa | ||
| 200 |
_aAccion _bPériodique _eBoletin informativo de las CCOO [comisiones obreras] en Ginebra |
||
| 210 |
_aGenève _cComisiones obreras de Ginebra |
||
| 215 | _d30 cm. | ||
| 801 |
_aCH _bCH-002049-8 |
||
| 955 |
_rAn. IV 1972 n°3, 4, 5 + suplemento construccion _rAn. V 1973 n°1, octobre, novembre. _rAn. VI 1974 mars, avril, juin, novembre, _rAn. VII 1975 supplément, avril, extraordinaire + 4 exemplaires sans date et sans numéro |
||